000 00322 a2200145 4500
000 nam a22 7a 4500
020 _a9798898486143
100 _apeel
110 _apeel
245 _aImmunology: Principles and Practice
250 _alatest
260 _bcell pub
_c2026
264 _bcell pub
_c2026
942 _cBK
999 _c394893
_d394893